|
|
|
|
| LEADER |
01188nam a2200241 a 4500 |
| 001 |
GR-MES12740 |
| 008 |
070712s gr 000 0 gre d |
| 020 |
|
|
|a 9602865210
|
| 040 |
|
|
|a GrPaTEI
|b gre
|c GR-PaULI
|
| 040 |
|
|
|a GrPaTEI
|b gre
|c GR-PaULI
|
| 082 |
|
0 |
|a 657.46
|2 21
|
| 100 |
1 |
|
|a Λίβερης, Παναγιώτης
|
| 245 |
1 |
0 |
|a Λογιστικό γραφείο :
|b η αγορά εργασίας των υπαλλήλων λογιστικών γραφείων: οδηγός για υποψήφιους λογιστές /
|c Παναγιώτης Λίβερης.
|
| 260 |
|
|
|a Αθήνα :
|b Έλλην,
|c 2001
|
| 300 |
|
|
|a 138σ. :
|b πιν., διαγρ. ;
|c 24εκ.
|
| 504 |
|
|
|a Περιλαμβάνει βιβλιογραφία.
|
| 650 |
|
4 |
|a Διοίκηση και οργάνωση προσωπικού
|
| 650 |
|
4 |
|a Εργατικό Δίκαιο
|
| 650 |
|
4 |
|a Λογιστική
|
| 942 |
|
|
|2 ddc
|
| 952 |
|
|
|0 0
|1 0
|2 ddc
|4 0
|6 657_460000000000000_ΛΙΒ
|7 0
|9 271312
|a MSLG
|b MSLG
|c BSC
|d 2021-01-17
|e 24
|f 0
|g 0.00
|l 0
|o 657.46 ΛΙΒ
|p 2420000022288
|r 2021-01-17 00:00:00
|t 1
|w 2021-01-17
|y BK15
|x 20070712 0 ΓΑΒΡΙΝΑ 1
|x GrPaTEI
|
| 971 |
|
|
|a .b25787871
|b 16-04-20
|c 13-09-16
|
| 999 |
|
|
|c 156698
|d 156698
|